000 00843nam a2200277Ia 4500
003 OSt
005 20221006160550.0
006 a|||||r|||| 00| 0
007 ta
008 221006b |||||||| |||| 00| 0 eng d
020 _a9781565914124
_cW11,000
024 _a45,506
037 _bGift, KCC (Window on Korea)
_cTextual
040 _aEASL
_cEASL
_beng
041 _2eng
_aeng
082 _aV495:19, Q4
100 _aKim Hyoung-chan Ed.
_9674153
245 0 _aEast Meets West
260 _aSeoul
_bHollym Korea
_c2014
300 _a224p.
_ccm.
490 _v KEL
_aKncu-Hollym Korean Studies Series: A Dynamic Approach to Korea, Vol. 1
650 _a KEL
650 _aKorea - Foreign relations
942 _hV495:19, Q4
_cTEXL
_2CC
999 _c1113598
_d1113598